Responses for Show #6206 - Monday, September 19, 2011

Justin Sausville game 3.
First game of Season 28.
New title graphics.
First show closed captioning sponsor message aired at end of second break rather than before Final Jeopardy!
Alex limps onstage wearing a boot for his Achilles tendon injury, and conducts contestant interviews from behind his own host's lectern.

Contestants

[<< previous game]

Jane Stimpson, a reference librarian from League City, Texas

Glenn Edwards, an attorney from New York, New York

Justin Sausville, a urologist from Baltimore, Maryland (whose 2-day cash winnings total $58,401)

[next game >>]

Jeopardy! Round responses

WHO'S BIBLICALLY SPEAKING?
NOBEL PRIZE CATEGORIES BY WINNER
(Alex: We'll give you the winner.)
AMERICANS IN PARIS
(Alex: In honor of our 28th season...)
28 IS GREAT
FROM "B" TO "Y"
(Alex: Each correct response will begin with the letter B and end in a "Y".)
FRIENDS WITH BENEFITS
(Alex: But be careful with this one. Uh, I don't think it's what you think it is.)
    $200 1
John the Baptist

Glenn
    $200 21
Peace

Justin
    $200 2
Woodrow Wilson

Justin
    $200 13
South Africa

Glenn
    $200 7
bankruptcy

Jane
    $200 26
Nashville

Jane
    $400 3
the serpent

Justin
    $400 22
Medicine

Glenn
    $400 12
Whistler

Glenn
    $400 14
Robinson Crusoe

Glenn
    $400 8
a balcony

Jane
    $400 27
Freddie Mercury

Jane
    $600 4
Pilate

Glenn
    $600 23
Economics

Jane
    $600 16
(Glenn: Who was Thomas Jefferson?)

Benjamin Franklin

JustinGlenn
    $600 15
Chevrolet

Justin
    $600 9
barley

Glenn
    $600 28
Toronto

Glenn
    $800 5
Joshua

Triple Stumper
    $800 24
Physics

Justin
    $800 17
Norman Mailer

Justin
    $800 19
(Alex: Well, it's called [*], just like for horses.)

the steeplechase

Triple Stumper
    $800 10
balmy

Glenn
    $1,000 29
Bangladesh

Glenn
    $1000 6
Gabriel

Glenn
    $1000 25
Literature

Glenn
    $1000 18
(Glenn: Who is... Baker?)

Isadora Duncan

Glenn
Triple Stumper
    $1000 20
Alfred the Great

Justin
    $1000 11
baby buggy

Justin
    $1000 30
Neil Young

Jane

Scores at the first commercial break (after clue 15):

Justin Glenn Jane
$2,200 $4,200 $600

Scores at the end of the Jeopardy! Round:

Justin Glenn Jane
$5,600 $5,600 $2,800

Double Jeopardy! Round responses

THE COUNTRY HE RULED
WORD & PHRASE ORIGINS
IT'S A DOGFIGHT
FILM ALIAS
(Alex: In honor of National Hispanic-American Month...)
HISPANIC-AMERICAN FIRSTS
FRIENDS WITH BENEFITS
(Alex: And once again, [*]. But be careful.)
    $400 1
Scotland

Jane
    $400 16
a whip

Glenn
    $400 6
S

Justin
    $400 22
(Justin: Who is Austin Powers?)

Dr. Evil

Justin
Triple Stumper
    $400 21
[Alex mistakenly said "Óscar Chávez", but quickly corrected himself.]

(César) Chávez

Glenn
    $400 11
Medicare

Jane
    $800 2
Ethiopia

Justin
    $800 17
throw the towel in

Glenn
    $800 7
a jet

Glenn
    $800 23
Donnie Brasco

Triple Stumper
    $800 24
4 stars

Justin
    $800 12
a deductible

Justin
    $1200 3
Poland

Justin
    $1200 18
ignorance

Justin
    $1200 8
the Red Baron

Jane
    $1200 28
Captain America

Glenn
    $1200 25
(Roberto) Clemente

Glenn
    $1200 13
fringe benefits

Justin
    $1600 4
Italy

Glenn
    $1600 19
blue ribbon

Jane
    $1600 9
the Sun

Justin
    $1600 29
Mr. Ripley

Jane
    $1600 26
José Ferrer

Triple Stumper
    $4,000 14
(Justin: What is... à la carte?)

a cafeteria plan

Justin
    $2000 5
(Justin: What is, uh, England?)
...
(Alex: Canute I was England and [*].)

Denmark

Justin
Triple Stumper
    $3,600 20
(Jane: Oh, shoot! Oh, okay, awesome.)
(Alex: Awesome, indeed.)

a Pyrrhic victory

Jane
    $2000 10
6 o'clock

Glenn
    $2000 30
Keyser Söze

Jane
    $2000 27
Federico Peña

Triple Stumper
    $2000 15
a flexible spending account

Justin

Scores at the end of the Double Jeopardy! Round:

Justin Glenn Jane
$9,200 $14,000 $13,600

[wagering suggestions for these scores]

Final Jeopardy! Round responses

AMERICAN WRITERS
(Alex: [To Justin] The work was called Civil Disobedience, you are correct.)
...
(Alex: [To Glenn] I worry about you. You were shaking your head throughout this Final.)
JustinWho is Thoreau?
$9,199
JaneWho is Riis?
$10,400
GlennWho is Whitman?
$13,201
Henry David Thoreau

Final scores:

Justin Glenn Jane
$18,399 $799 $3,200
3-day champion: $76,800 3rd place: $1,000 2nd place: $2,000

Game dynamics:

Coryat scores:

Justin Glenn Jane
$13,200 $13,800 $12,000
18 R,
3 W
(including 1 DD)
20 R
(including 1 DD),
2 W
13 R
(including 1 DD),
0 W

Combined Coryat: $39,000

[game clues] [game scores] [suggest correction]

Game tape date: 2011-08-02
The J! Archive is created by fans, for fans. Scraping, republication, monetization, and malicious use prohibited; this site may use cookies and collect identifying information. See terms. The Jeopardy! game show and all elements thereof, including but not limited to copyright and trademark thereto, are the property of Jeopardy Productions, Inc. and are protected under law. This website is not affiliated with, sponsored by, or operated by Jeopardy Productions, Inc. Join the discussion at JBoard.tv.